000 00465nmm a2200157Ia 4500
008 251105s9999||||xx |||||||||||||||||und||
041 _aspa
100 _aMorales Vallejo, Pedro
245 0 _aLas pruebas objetivas
264 _a[Madrid, España] :
_bUniversidad de Deusto,
_c1995
300 _a73 páginas
490 _aAzul - Cuadernos Monográficos del ICE
650 _aReligion(s)
856 _uhttps://public.digitaliapublishing.com/a/17872
942 _cCF
999 _c98460
_d98460